Reglamento de la Hermandad de Ntra. Sra. del Carmen y San José, 1917
Descripción Física:
15 p. ; 16 cm
MARC
| LEADER | 00000nam a2200000Ia 4500 | ||
|---|---|---|---|
| 001 | 17625 | ||
| 003 | BGR | ||
| 005 | 20260324180149.0 | ||
| 008 | 160829s1917 xx 000 0 cat d | ||
| 080 | |a 3408, exp. 2 | ||
| 110 | 2 | |a Institución C. S. para Obreras |9 71070 | |
| 245 | |a Reglamento de la Hermandad de Ntra. Sra. del Carmen y San José, 1917 | ||
| 260 | |a Barcelona : |b Imprenta de Luis Guinart & Peix, |c 1917 | ||
| 300 | |a 15 p. ; |c 16 cm | ||
| 650 | |a Hermandad de Nuestra Señora del Carmen y San José |x Reglaments i procediment |9 48244 | ||
| 901 | |a Arxiu | ||
| 942 | |n 1 |2 udc |c MON | ||
| 952 | |0 0 |1 0 |4 0 |6 3408_EXP_2 |7 1 |9 54417 |a Arxiu |b Arxiu |d 2016-12-01 |l 0 |o 3408, exp. 2 |p 17625 |r 2016-12-01 00:00:00 |w 2016-12-01 |y ARXIU | ||
| 999 | |c 58286 |d 58286 | ||